Country Panhandles - Africa - Statistics

General Stats
  • This quiz has been taken 11 times
    3 since last reset
  • The average score is 12 of 16
Answer Stats
City Country % Correct
Lubumbashi | Matadi Democratic Republic of the Congo
100%
Ziguinchor Senegal
100%
Rietfontein South Africa
100%
Malakal South Sudan
100%
Al Damazin Sudan
100%
Bukoba Tanzania
100%
Cibitoke Burundi
67%
Maroua Cameroon
67%
Assab Eritrea
67%
Ganta Liberia
67%
Nsanje Malawi
67%
Kayes | Gao Mali
67%
Tete Mozambique
67%
Katima Mulilo Namibia
67%
Cinkasse Togo
67%
Gambela | Jijiga Ethiopia
33%
No matching quizzes found
Score Distribution
Percent of People with Each Score
Percentile by Number Answered
Your Score History
You have not taken this quiz since the last reset